• 首页
  • 本馆介绍
  • 公告通知
  • 最新文献
  • 馆藏检索
  • 电子资源
  • 读者导购
  • 参考咨询
  • 我的图书馆
  • 登录
  • 详细信息显示
  • 放入我的书架
  • 预约/预借图书
  • 作者相关作品
  • 分类相关作品
  • 丛书相关作品
  • 出版社相关作品

书目信息

  • 表格格式
  • 工作单格式
  • 卡片格式
题名:
国医大师的养生汤
    
 
作者: 路志正, 编著
分册:  
出版信息: 天津   天津科学技术出版社  2017.03
页数: 209页
开本: 24cm
丛书名: 国医养生课
单 册:
中图分类: R247.1 , TS972.122.2
科图分类:
主题词: 汤菜--tang cai--食物养生--菜谱
电子资源:
ISBN: 978-7-5576-2042-4
000 01188nam 2200313 450
001 CAL 0120161946636
005 20171211153143.78
010    @a978-7-5576-2042-4@b@dCNY36.00
100    @a20170418d2017 em y0chiy50 ea
101 0  @achi
102    @aCN@b120000
105    @ay z 000yy
106    @ar
200 1  @a国医大师的养生汤@Aguo yi da shi de yang sheng tang@f路志正编著@g
210    @a天津@c天津科学技术出版社@d2017.03
215    @a209页@c@d24cm
225 2  @a国医养生课@Aguo yi yang sheng ke@v104
225 2  @a国医大师养生系列@Aguo yi da shi yang sheng xi lie
314    @a路志正, 字子端, 号行健, 河北藁城人, 生于1920年12月21日。中央保健工作杰出专家, 首届国医大师。
330    @a本书共分为六章, 主要内容包括: 煲一锅好汤, 养生家安康 ; 喝汤, 要跟随季节的脚步 ; 送给全家人的日常调养汤 ; 因人而养, 喝出平和好体质 ; 滋补养生汤, 喝出身体好状态等。
410  0 @12001 @a国医养生课@v104
410  0 @12001 @a国医大师养生系列
606 0  @a汤菜@Atang cai@x食物养生@x菜谱
690    @aR247.1@v5
690    @aTS972.122.2@v5
701  0 @a路志正,@Alu zhi zheng@f1920-@4编著
801  0 @aCN@b人天书店@c20170418@g
905    @aBZT@dR247.1@e151
906    @dCNY36.00@n3@r1
    
    国医大师的养生汤/路志正编著.-天津:天津科学技术出版社,2017.03
    209页;24cm.-(国医养生课;104).-(国医大师养生系列)
    
    
    ISBN 978-7-5576-2042-4:CNY36.00
    本书共分为六章, 主要内容包括: 煲一锅好汤, 养生家安康 ; 喝汤, 要跟随季节的脚步 ; 送给全家人的日常调养汤 ; 因人而养, 喝出平和好体质 ; 滋补养生汤, 喝出身体好状态等。
●
相关链接 在五车中查询图书 在当当中查询图书 在豆瓣中查询图书


正题名:国医大师的养生汤     索取号:R247.1/151         预约/预借

序号 登录号 条形码 馆藏地/架位号 状态 备注
1 834268   2000834268   第二书库/ [索取号:R247.1/151] 在馆    
2 834269   2000834269   第二书库/ [索取号:R247.1/151] 在馆    
3 834270   2000834270   第二书库/ [索取号:R247.1/151] 在馆    
山东省滨州职业学院图书馆 欢迎您!
大连网信软件有限公司© 版权所有